<?xml version="1.0" encoding="UTF-8"?>
<record
    xmlns:xsi="http://www.w3.org/2001/XMLSchema-instance"
    xsi:schemaLocation="http://www.loc.gov/MARC21/slim http://www.loc.gov/standards/marcxml/schema/MARC21slim.xsd"
    xmlns="http://www.loc.gov/MARC21/slim">

  <leader>00838nam a22002057a 4500</leader>
  <controlfield tag="008">100616t        xxu||||| |||| 00| 0 eng d</controlfield>
  <datafield tag="082" ind1=" " ind2=" ">
    <subfield code="2">22</subfield>
    <subfield code="a">658.3</subfield>
    <subfield code="b">&#x639; &#x637; &#x64A;</subfield>
  </datafield>
  <datafield tag="245" ind1=" " ind2=" ">
    <subfield code="a">&#x623;&#x635;&#x648;&#x644; &#x625;&#x62F;&#x627;&#x631;&#x629; &#x627;&#x644;&#x623;&#x641;&#x631;&#x627;&#x62F; /</subfield>
    <subfield code="c">&#x637;&#x627;&#x647;&#x631; &#x645;&#x631;&#x633;&#x64A; &#x639;&#x637;&#x64A;&#x647;</subfield>
  </datafield>
  <datafield tag="260" ind1=" " ind2=" ">
    <subfield code="a">[&#x62F;.&#x645;]  :</subfield>
    <subfield code="b">[&#x62F;.&#x646;] &#x60C; 2008</subfield>
    <subfield code="c">2008</subfield>
  </datafield>
  <datafield tag="300" ind1=" " ind2=" ">
    <subfield code="a">205 &#x635; :</subfield>
    <subfield code="b">&#x627;&#x64A;&#x636; &#x61B;</subfield>
    <subfield code="c">24 &#x633;&#x645;</subfield>
  </datafield>
  <datafield tag="500" ind1=" " ind2=" ">
    <subfield code="a">&#x625;&#x647;&#x62F;&#x627;&#x621;: &#x62F;. &#x633;&#x645;&#x627;&#x621; &#x639;&#x637;&#x64A;&#x647;</subfield>
  </datafield>
  <datafield tag="650" ind1=" " ind2=" ">
    <subfield code="9">14810</subfield>
    <subfield code="a">&#x625;&#x62F;&#x627;&#x631;&#x629; &#x627;&#x644;&#x623;&#x641;&#x631;&#x627;&#x62F;</subfield>
  </datafield>
  <datafield tag="650" ind1=" " ind2=" ">
    <subfield code="9">14811</subfield>
    <subfield code="a">&#x627;&#x644;&#x623;&#x62C;&#x648;&#x631;</subfield>
  </datafield>
  <datafield tag="650" ind1=" " ind2=" ">
    <subfield code="9">14812</subfield>
    <subfield code="a">&#x62A;&#x62D;&#x644;&#x64A;&#x644; &#x627;&#x644;&#x648;&#x638;&#x627;&#x626;&#x641;</subfield>
  </datafield>
  <datafield tag="650" ind1=" " ind2=" ">
    <subfield code="9">14813</subfield>
    <subfield code="a">&#x62A;&#x648;&#x635;&#x64A;&#x641; &#x627;&#x644;&#x648;&#x638;&#x627;&#x626;&#x641;</subfield>
  </datafield>
  <datafield tag="650" ind1=" " ind2=" ">
    <subfield code="9">14814</subfield>
    <subfield code="a">&#x62D;&#x648;&#x627;&#x641;&#x632; &#x627;&#x644;&#x625;&#x646;&#x62A;&#x627;&#x62C;</subfield>
  </datafield>
  <datafield tag="650" ind1=" " ind2=" ">
    <subfield code="9">14815</subfield>
    <subfield code="a">&#x627;&#x644;&#x645;&#x648;&#x638;&#x641;&#x648;&#x646;</subfield>
  </datafield>
  <datafield tag="942" ind1=" " ind2=" ">
    <subfield code="2">ddc</subfield>
    <subfield code="c">BB</subfield>
  </datafield>
  <datafield tag="999" ind1=" " ind2=" ">
    <subfield code="c">14098</subfield>
    <subfield code="d">14098</subfield>
  </datafield>
  <datafield tag="952" ind1=" " ind2=" ">
    <subfield code="0">0</subfield>
    <subfield code="1">0</subfield>
    <subfield code="2">ddc</subfield>
    <subfield code="4">0</subfield>
    <subfield code="7">0</subfield>
    <subfield code="8"> </subfield>
    <subfield code="a">MAIN</subfield>
    <subfield code="b">MAIN</subfield>
    <subfield code="c">1ST</subfield>
    <subfield code="d">2010-06-16</subfield>
    <subfield code="e">purchase</subfield>
    <subfield code="l">0</subfield>
    <subfield code="o">658.3 &#x623;&#x635;&#x648;</subfield>
    <subfield code="p">000020401</subfield>
    <subfield code="r">2025-07-15 00:00:00</subfield>
    <subfield code="y">BB</subfield>
  </datafield>
</record>
